[Event "Frauen Europameisterschaft"]
[Site "Dresden"]
[Date "2004.03.26"]
[Round "6.29"]
[White "Sharevich, A."]
[Black "Krivec, J."]
[Result "1-0"]
[WhiteElo "2236"]
[BlackElo "2301"]
[PlyCount "71"]
[EventDate "2004.03.20"]

1. d4 d5 2. Nf3 c5 3. g3 e6 4. Bg2 Nf6 5. O-O Nc6 6. c4 dxc4 7. Ne5 Nxe5 8.
dxe5 Qxd1 9. Rxd1 Nd7 10. f4 Rb8 11. a4 Be7 12. Na3 O-O 13. Nxc4 Rd8 14. Be3 b6
15. Nd6 Bxd6 16. Rxd6 Bb7 17. Rad1 Bxg2 18. Kxg2 Rb7 19. f5 h6 20. fxe6 fxe6
21. Rxe6 Rf8 22. Bf4 Kf7 23. Red6 Ke7 24. h4 Rc8 25. g4 Nf8 26. g5 Ne6 27. Be3
hxg5 28. Bxg5+ Nxg5 29. hxg5 Rf8 30. Rg6 Kf7 31. Rc6 Ke7 32. Rdd6 Rf5 33. Re6+
Kd7 34. Rcd6+ Kc7 35. Re7+ Kc8 36. Rc6+ 1-0

[Event "Frauen Europameisterschaft"]
[Site "Dresden"]
[Date "2004.03.26"]
[Round "6.30"]
[White "Calzetta Ruiz, M."]
[Black "Makka, I."]
[Result "1-0"]
[WhiteElo "2291"]
[BlackElo "2205"]
[PlyCount "67"]
[EventDate "2004.03.20"]

1. e4 c6 2. d4 d5 3. Nd2 dxe4 4. Nxe4 Nd7 5. Ng5 Ngf6 6. Bd3 e6 7. N1f3 Bd6 8.
Qe2 h6 9. Ne4 Nxe4 10. Qxe4 Qc7 11. O-O b6 12. Qg4 Kf8 13. b3 Nf6 14. Qh4 Bb7
15. Bb2 c5 16. dxc5 Qxc5 17. Bd4 Qa5 18. Bxf6 gxf6 19. Be4 Bxe4 20. Qxe4 Rc8
21. Rad1 Qc5 22. Rd4 b5 23. c4 Be5 24. Rd7 bxc4 25. Nxe5 fxe5 26. Qf3 Rh7 27.
Qf6 Kg8 28. Rfd1 Rf8 29. Rd8 c3 30. Rxf8+ Qxf8 31. Rd8 c2 32. Rxf8+ Kxf8 33.
Qd8+ Kg7 34. Qc7 1-0

[Event "Frauen Europameisterschaft"]
[Site "Dresden"]
[Date "2004.03.26"]
[Round "6.31"]
[White "Smokina, K."]
[Black "Shmirina, E."]
[Result "1/2-1/2"]
[WhiteElo "2278"]
[BlackElo "2135"]
[PlyCount "68"]
[EventDate "2004.03.20"]

1. c4 e5 2. Nc3 f5 3. g3 Nf6 4. Bg2 d6 5. e3 Be7 6. Nge2 O-O 7. O-O Nc6 8. d3
Qe8 9. Nd5 Bd8 10. b4 Ne7 11. Nec3 c6 12. Nxe7+ Bxe7 13. b5 Bd7 14. a4 a6 15.
Rb1 axb5 16. axb5 Kh8 17. Bd2 Qf7 18. Qb3 d5 19. cxd5 Ra3 20. Qb2 cxd5 21. Ra1
Rfa8 22. Rxa3 Rxa3 23. Ra1 Rxa1+ 24. Qxa1 d4 25. exd4 exd4 26. Ne2 Bxb5 27.
Nxd4 Bxd3 28. Qa8+ Qf8 29. Qxb7 Be4 30. Bxe4 Nxe4 31. Be3 Nd6 32. Qd7 Qf6 33.
Nc6 Bf8 34. Bd4 Qf7 1/2-1/2

[Event "Frauen Europameisterschaft"]
[Site "Dresden"]
[Date "2004.03.26"]
[Round "6.32"]
[White "Vogel, H."]
[Black "Radziewicz, I."]
[Result "1-0"]
[WhiteElo "2152"]
[BlackElo "2442"]
[PlyCount "153"]
[EventDate "2004.03.20"]

1. d4 Nf6 2. Bg5 Ne4 3. Bf4 c5 4. f3 Nf6 5. d5 d6 6. e4 e5 7. Be3 Be7 8. Nc3
O-O 9. Nge2 Ne8 10. g4 a6 11. a4 Nd7 12. Ng3 Bg5 13. Qd2 Bxe3 14. Qxe3 Qh4 15.
Kd2 g6 16. Be2 Ng7 17. Rag1 Kh8 18. Rg2 b6 19. Rhg1 f6 20. Nf1 Ra7 21. Rg3 Nb8
22. Qf2 f5 23. gxf5 gxf5 24. Qg2 Qh6+ 25. Ne3 f4 26. Ng4 Qg6 27. Rh3 Bxg4 28.
Qxg4 Qxg4 29. fxg4 Raf7 30. Bf3 Ne8 31. Rh6 Rf6 32. Rxf6 Nxf6 33. g5 Rg8 34.
Rg2 Nfd7 35. h4 h6 36. Nd1 hxg5 37. hxg5 Kg7 38. Nf2 Rh8 39. Ng4 Rh3 40. Ke2
Kg6 41. Nh6 Rg3 42. Rxg3 fxg3 43. Nf5 Kxg5 44. Nxg3 Nf6 45. Nf5 Ne8 46. Ke3 Nd7
47. Be2 Ndf6 48. Ne7 b5 49. axb5 axb5 50. Bxb5 Ng4+ 51. Kf3 Nc7 52. Bc4 Nh2+
53. Kg3 Ng4 54. Nc8 Ne3 55. Nxd6 Kf6 56. Bd3 Ke7 57. Nc4 Nxc4 58. Bxc4 Ne8 59.
b3 Kf6 60. Kg4 Nd6 61. Bd3 Nc8 62. c3 Nb6 63. b4 cxb4 64. cxb4 Nc8 65. Ba6 Nb6
66. Bb5 Ke7 67. Kf5 Kd6 68. Kf6 Nc8 69. Kf7 Ne7 70. Bd3 Kd7 71. Bb5+ Kd6 72.
Be2 Nc8 73. Ke8 Kc7 74. Bd3 Kd6 75. Kd8 Na7 76. b5 Kc5 77. Kc7 1-0

[Event "Frauen Europameisterschaft"]
[Site "Dresden"]
[Date "2004.03.26"]
[Round "6.33"]
[White "Muhren, B."]
[Black "Levushkina, E."]
[Result "1/2-1/2"]
[WhiteElo "2135"]
[BlackElo "2303"]
[PlyCount "183"]
[EventDate "2004.03.20"]

1. e4 e5 2. Nf3 Nc6 3. d4 exd4 4. Nxd4 Bc5 5. Nb3 Bb6 6. a4 a6 7. Nc3 d6 8. Be2
Nge7 9. O-O O-O 10. Bg5 f6 11. Bh4 Ng6 12. Bg3 Kh8 13. Nd5 Ba7 14. Nxc7 Qxc7
15. Bxd6 Qf7 16. Bxf8 Qxf8 17. Bg4 Qe7 18. Bxc8 Rxc8 19. Qg4 Re8 20. Rad1 Nge5
21. Qe2 Qe6 22. h3 Nc4 23. c3 Nd6 24. Nd2 f5 25. e5 Nxe5 26. Kh1 Qg6 27. Nf3
Ng4 28. Rxd6 Rxe2 29. Rxg6 Nxf2+ 30. Rxf2 Rxf2 31. Re6 h6 32. Re1 Rxb2 33. Ne5
Bf2 34. Rd1 Bg3 35. Nd3 Rc2 36. Nc5 Rxc3 37. Nxb7 Rc4 38. a5 Ra4 39. Rc1 Kh7
40. Kg1 Ra2 41. Kf1 h5 42. Kg1 h4 43. Kf1 g6 44. Rd1 Kh6 45. Rc1 Kg5 46. Rd1
Kf4 47. Rc1 Ke3 48. Rb1 Kd2 49. Kg1 Kc3 50. Rf1 Kc4 51. Rc1+ Kb5 52. Rc5+ Ka4
53. Rc1 Kb5 54. Rc5+ Kb4 55. Rc1 Rb2 56. Kf1 Kb5 57. Kg1 Bf2+ 58. Kh1 Bg3 59.
Kg1 Kb4 60. Kf1 Rf2+ 61. Kg1 Ra2 62. Kf1 Ka3 63. Nc5 Kb2 64. Nd3+ Ka3 65. Nc5
Kb4 66. Nxa6+ Kxa5 67. Nc5 Kb5 68. Ne6 Kb4 69. Nd4 Rf2+ 70. Kg1 Rd2 71. Nf3 Ra2
72. Kh1 Kb3 73. Nd4+ Kb2 74. Rc2+ Kb1 75. Rxa2 Kxa2 76. Ne6 Bd6 77. Kg1 Kb3 78.
Kf2 Kc4 79. Kf3 Kd5 80. Ng5 Bc7 81. Kf2 Ke5 82. Nf3+ Kf4 83. Nxh4 Bb6+ 84. Kf1
g5 85. Nf3 Be3 86. Ke2 Bc1 87. Kf1 Be3 88. Ke2 Bc5 89. Kf1 g4 90. hxg4 fxg4 91.
Nh2 Kg3 92. Nxg4 1/2-1/2

[Event "Frauen Europameisterschaft"]
[Site "Dresden"]
[Date "2004.03.26"]
[Round "6.34"]
[White "Seps, M."]
[Black "Calotescu, A."]
[Result "0-1"]
[WhiteElo "2078"]
[BlackElo "2290"]
[PlyCount "74"]
[EventDate "2004.03.20"]

1. e4 c5 2. Nf3 d6 3. d4 cxd4 4. Nxd4 Nf6 5. Nc3 a6 6. Bg5 e6 7. f4 Nc6 8. e5
h6 9. Bh4 g5 10. fxg5 Nd5 11. Nxd5 exd5 12. e6 Bxe6 13. Nxc6 bxc6 14. Qd4 hxg5
15. Qxh8 gxh4 16. O-O-O Qa5 17. Qc3 Bh6+ 18. Kb1 Qxc3 19. bxc3 Rb8+ 20. Ka1 Bg7
21. Rd3 Kf8 22. a4 Bf5 23. Ka2 Bxd3 24. Bxd3 Bxc3 25. Rf1 a5 26. Rf4 c5 27. Bb5
h3 28. g3 Rb7 29. Rh4 Re7 30. Rxh3 Re1 31. g4 Ra1+ 32. Kb3 c4+ 33. Bxc4 dxc4+
34. Kxc4 Be5 35. Kb5 Rc1 36. Kxa5 Rxc2 37. Kb5 Rxh2 0-1

[Event "Frauen Europameisterschaft"]
[Site "Dresden"]
[Date "2004.03.26"]
[Round "6.35"]
[White "Topel, Z."]
[Black "Makropoulou, M."]
[Result "0-1"]
[WhiteElo "2056"]
[BlackElo "2266"]
[PlyCount "72"]
[EventDate "2004.03.20"]

1. d4 g6 2. c4 Bg7 3. e4 d6 4. Nc3 Nc6 5. Be3 e5 6. Nge2 exd4 7. Nxd4 Nge7 8.
Be2 O-O 9. O-O f5 10. f3 f4 11. Bf2 Ne5 12. Qd2 a6 13. Nd5 c5 14. Nc2 g5 15.
Rad1 N7g6 16. Nc3 Nf7 17. b4 b6 18. a4 Be6 19. a5 bxa5 20. bxc5 dxc5 21. Na4
Qxd2 22. Rxd2 Nge5 23. Na3 Rfd8 24. Rfd1 Rxd2 25. Rxd2 Nd7 26. Nxc5 Nxc5 27.
Bxc5 Bc3 28. Rc2 Bb4 29. Bxb4 axb4 30. Nb1 a5 31. Rb2 Ne5 32. Nd2 Nc6 33. Kf2
a4 34. Ra2 Nd4 35. Bd1 a3 36. g3 b3 0-1

[Event "Frauen Europameisterschaft"]
[Site "Dresden"]
[Date "2004.03.26"]
[Round "6.36"]
[White "Richards, H."]
[Black "Meissner, C."]
[Result "1-0"]
[WhiteElo "2236"]
[BlackElo "2146"]
[PlyCount "61"]
[EventDate "2004.03.20"]

1. e4 c5 2. c3 d5 3. exd5 Qxd5 4. d4 Nc6 5. Nf3 Nf6 6. Be3 cxd4 7. cxd4 e6 8.
Nc3 Qd6 9. a3 Be7 10. Bd3 O-O 11. O-O b6 12. Qe2 Bb7 13. Rad1 Rfd8 14. Bb1 h6
15. Nb5 Ba6 16. Rfe1 Qd5 17. Bd3 Rac8 18. Rc1 Qh5 19. h3 Nd5 20. Bd2 Bf8 21.
Rc2 Bxb5 22. Bxb5 Nce7 23. Rxc8 Rxc8 24. Bd3 Nf5 25. g4 Qxh3 26. gxf5 exf5 27.
Ne5 Re8 28. Qf3 Qxf3 29. Nxf3 Rxe1+ 30. Bxe1 g6 31. Bc4 1-0

[Event "Frauen Europameisterschaft"]
[Site "Dresden"]
[Date "2004.03.26"]
[Round "6.37"]
[White "Partac, E."]
[Black "Shmirina, G."]
[Result "1-0"]
[WhiteElo "2230"]
[BlackElo "2120"]
[PlyCount "120"]
[EventDate "2004.03.20"]

1. e4 e6 2. d4 d5 3. Nc3 Bb4 4. Nge2 dxe4 5. a3 Be7 6. Nxe4 Nf6 7. N2g3 Nbd7 8.
Bd3 Nxe4 9. Nxe4 Nf6 10. Ng3 c5 11. dxc5 Bxc5 12. O-O O-O 13. Nh5 Be7 14. Be3
Bd7 15. Bd4 Nxh5 16. Qxh5 f5 17. Bc4 Qc8 18. Qe2 Bf6 19. Rad1 Kh8 20. Rfe1 Bxd4
21. Rxd4 e5 22. Rh4 Qe8 23. Qxe5 Qxe5 24. Rxe5 Rfe8 25. Rxe8+ Rxe8 26. Kf1 Bc6
27. f3 Rd8 28. Bd3 g6 29. Kf2 Kg7 30. Ke3 Re8+ 31. Kd2 Rd8 32. Kc3 Re8 33. Kd2
Rd8 34. Rc4 Kf6 35. Rc5 Rd7 36. b4 Bd5 37. c4 Be6 38. f4 h6 39. g3 g5 40. Ke3
gxf4+ 41. gxf4 Rg7 42. Be2 Re7 43. Re5 Rg7 44. Kf2 Rd7 45. Ke3 Rg7 46. Rb5 Re7
47. Kf2 Bf7 48. Rc5 Re4 49. Bd3 Rxf4+ 50. Ke3 Rh4 51. Rxf5+ Ke6 52. Rf2 Be8 53.
Be4 Bc6 54. Bf5+ Ke5 55. b5 Rxc4 56. bxc6 Rxc6 57. Bd3 Rc3 58. Rf5+ Ke6 59. Ra5
a6 60. Kd4 Rb3 1-0

[Event "Frauen Europameisterschaft"]
[Site "Dresden"]
[Date "2004.03.26"]
[Round "6.38"]
[White "Mamedjarova, T."]
[Black "Yildiz, B."]
[Result "1/2-1/2"]
[WhiteElo "2229"]
[BlackElo "2118"]
[PlyCount "45"]
[EventDate "2004.03.20"]

1. d4 d5 2. Nc3 Nf6 3. Bg5 Nbd7 4. Nf3 g6 5. e3 Bg7 6. Bd3 O-O 7. O-O c5 8. Re1
b6 9. e4 dxe4 10. Nxe4 cxd4 11. Nxd4 Bb7 12. Nxf6+ Nxf6 13. Nf3 h6 14. Bxf6
Bxf6 15. c3 Qc7 16. Be4 Rad8 17. Qc2 Bxe4 18. Rxe4 Rd6 19. Rae1 Rfd8 20. Qc1
Kg7 21. Qf4 Qb7 22. h4 h5 23. R4e2 1/2-1/2

[Event "Frauen Europameisterschaft"]
[Site "Dresden"]
[Date "2004.03.26"]
[Round "6.39"]
[White "Mietzner, T."]
[Black "Dimovski, A."]
[Result "0-1"]
[WhiteElo "2201"]
[BlackElo "2111"]
[PlyCount "126"]
[EventDate "2004.03.20"]

1. e4 e5 2. Nf3 Nc6 3. Bc4 Bc5 4. c3 Qe7 5. O-O d6 6. d4 Bb6 7. Bd5 Nf6 8. Na3
Nd8 9. Nc4 c6 10. Nxb6 axb6 11. Bb3 O-O 12. Bg5 Ne6 13. Bxf6 Qxf6 14. dxe5 dxe5
15. Qd6 Ra5 16. Rfd1 Nc5 17. Bc2 Nd7 18. b4 Ra3 19. Bb3 Qxd6 20. Rxd6 Nf6 21.
Nxe5 Nxe4 22. Rd3 Be6 23. Bxe6 fxe6 24. Nc4 Rxc3 25. Rxc3 Nxc3 26. Nxb6 Rd8 27.
Kf1 Rd2 28. a3 Nd5 29. Nc4 Rc2 30. Ne5 Rb2 31. Nc4 Rc2 32. Ne5 Kf8 33. g3 Ke7
34. Kg2 Ne3+ 35. Kf3 Nc4 36. Nxc4 Rxc4 37. Ra2 e5 38. Ke3 g5 39. f3 Ke6 40. Kd3
Kd5 41. Ra1 h5 42. Re1 Rd4+ 43. Ke3 g4 44. Rc1 b6 45. Rf1 c5 46. fxg4 hxg4 47.
bxc5 bxc5 48. Rf8 Re4+ 49. Kd3 c4+ 50. Kc3 Re3+ 51. Kb4 Rb3+ 52. Ka4 Rb2 53.
Rd8+ Ke4 54. Rc8 Kd3 55. Rd8+ Kc3 56. Re8 Re2 57. Kb5 Kb3 58. a4 c3 59. Ka5 c2
60. Rb8+ Kc3 61. Rc8+ Kd2 62. Rd8+ Ke1 63. Rc8 Kd1 0-1

[Event "Frauen Europameisterschaft"]
[Site "Dresden"]
[Date "2004.03.26"]
[Round "6.40"]
[White "Andersson, C."]
[Black "Von Herman, B."]
[Result "1-0"]
[WhiteElo "2196"]
[BlackElo "2066"]
[PlyCount "163"]
[EventDate "2004.03.20"]

1. e4 e5 2. Nf3 Nc6 3. d4 exd4 4. Nxd4 Bc5 5. Be3 Qf6 6. c3 Nge7 7. Be2 O-O 8.
O-O Bb6 9. Na3 Qg6 10. Nc4 Qxe4 11. Nxb6 cxb6 12. Bd3 Qe5 13. Re1 d6 14. Nxc6
Nxc6 15. Bxb6 Qf6 16. Be3 Be6 17. Qh5 h6 18. Qe2 Rfe8 19. Rad1 Rad8 20. Qc2 d5
21. Qa4 Bf5 22. Bb5 a6 23. Bxc6 Qxc6 24. Qf4 Qg6 25. Qg3 Qxg3 26. hxg3 Be6 27.
Rd4 Rc8 28. Red1 Rc6 29. Kf1 Rec8 30. Ke1 Kf8 31. Kd2 Rc4 32. Rxc4 Rxc4 33. Bd4
Rc8 34. Re1 Rc6 35. b4 b6 36. a4 b5 37. axb5 axb5 38. Ra1 Rc7 39. Ra8+ Rc8 40.
Ra7 Rb8 41. Be5 Rd8 42. f3 f6 43. Bd4 Bd7 44. Bb6 Rb8 45. Rxd7 Rxb6 46. Rxd5
Ke7 47. Kd3 Rb7 48. f4 Ke6 49. Kd4 f5 50. Re5+ Kf6 51. c4 bxc4 52. Kxc4 Rd7 53.
b5 Rd2 54. b6 Rc2+ 55. Kb3 Rc8 56. b7 Rb8 57. Rb5 Ke6 58. Kc4 Kd6 59. Kd4 Kc6
60. Rb1 Kc7 61. Ke5 Re8+ 62. Kxf5 Kb8 63. Rb3 Re7 64. g4 Rd7 65. Kg6 Rd4 66. g3
Rd7 67. g5 hxg5 68. Kxg5 Rd6 69. f5 Rf6 70. Re3 Rf7 71. Rb3 Rf6 72. g4 Rd6 73.
Rb4 Rf6 74. Kf4 Rc6 75. g5 Rc1 76. Rb5 Rf1+ 77. Ke5 Rg1 78. g6 Re1+ 79. Kd6 Re2
80. Re5 Rd2+ 81. Ke7 Kxb7 82. Kf7 1-0

[Event "Frauen Europameisterschaft"]
[Site "Dresden"]
[Date "2004.03.26"]
[Round "6.41"]
[White "Aginian, N."]
[Black "Apanaviciute, K."]
[Result "1-0"]
[WhiteElo "2189"]
[BlackElo "2041"]
[PlyCount "50"]
[EventDate "2004.03.20"]

1. e4 e5 2. Nf3 Nf6 3. d4 Nxe4 4. Bd3 d5 5. Nxe5 Nd7 6. Nxd7 Bxd7 7. O-O Qh4 8.
c4 O-O-O 9. c5 g5 10. Nc3 f5 11. Nxd5 Be6 12. Ne3 Rxd4 13. Qc2 Bg7 14. g3 Qh6
15. f3 Nxc5 16. Bxf5 Nd7 17. Bxe6 Qxe6 18. Nf5 Qf7 19. Nxd4 Bxd4+ 20. Kg2 Rg8
21. Qe4 Bb6 22. Re1 g4 23. fxg4 Qf2+ 24. Kh3 Nf6 25. Qe6+ Kb8 1-0

[Event "Frauen Europameisterschaft"]
[Site "Dresden"]
[Date "2004.03.26"]
[Round "6.42"]
[White "Jiretorn, E."]
[Black "Grossmann, S."]
[Result "1-0"]
[WhiteElo "2154"]
[BlackElo "1977"]
[PlyCount "137"]
[EventDate "2004.03.20"]

1. d4 d6 2. c4 g6 3. e4 Bg7 4. Nc3 Nf6 5. Nf3 O-O 6. Be2 Bg4 7. Ng1 Bxe2 8.
Ngxe2 Nfd7 9. O-O c5 10. d5 Na6 11. Bg5 Nc7 12. Qd2 a6 13. a4 b6 14. Bh6 Rb8
15. Bxg7 Kxg7 16. f4 b5 17. axb5 axb5 18. b3 bxc4 19. bxc4 Rb4 20. Rab1 Na6 21.
Na2 Rb6 22. Nec3 Nc7 23. Qe3 e5 24. dxe6 fxe6 25. Rbd1 Qe7 26. Rd2 Nb8 27. e5
dxe5 28. Qxe5+ Kg8 29. Na4 Rc6 30. N2c3 Rf5 31. Qe3 Rd6 32. Rfd1 Rxd2 33. Rxd2
Nca6 34. g4 Rf8 35. Ne4 Qf7 36. Rf2 Qd7 37. Nexc5 Nxc5 38. Nxc5 Qd1+ 39. Rf1
Qxg4+ 40. Kh1 Re8 41. Ne4 Nd7 42. Qd2 Qf5 43. Nd6 Qh3 44. Rf2 Rb8 45. Nb5 Nf6
46. Qe2 Ra8 47. Rf1 Ne4 48. Rg1 Nf6 49. Nc7 Rc8 50. Nxe6 Re8 51. Re1 Ng4 52.
Qg2 Qxg2+ 53. Kxg2 h6 54. h3 Nf6 55. Re2 Kf7 56. Nd4 Rc8 57. Rc2 Ne4 58. Kf3
Nc5 59. Rb2 Ne6 60. Rb7+ Kf6 61. Rb6 Re8 62. c5 Kf7 63. Nxe6 Rxe6 64. Rxe6 Kxe6
65. Ke4 Kd7 66. Ke5 Ke7 67. c6 g5 68. f5 h5 69. f6+ 1-0

[Event "Frauen Europameisterschaft"]
[Site "Dresden"]
[Date "2004.03.26"]
[Round "6.43"]
[White "Karahaliou, E."]
[Black "Schulz, S."]
[Result "1/2-1/2"]
[WhiteElo "2132"]
[BlackElo "2079"]
[PlyCount "160"]
[EventDate "2004.03.20"]

1. e4 c5 2. Nf3 g6 3. c3 Bg7 4. d4 cxd4 5. cxd4 d5 6. e5 Bg4 7. Nc3 e6 8. Nb5
Bf8 9. Qa4 Nc6 10. Bg5 Qd7 11. Nd2 h6 12. Be3 Bf5 13. f3 g5 14. Rc1 a6 15. Nb3
Rc8 16. Nd6+ Bxd6 17. exd6 Qxd6 18. Nc5 Qc7 19. Nxa6 Qb6 20. Bb5 Nge7 21. Nc5
Qc7 22. O-O O-O 23. b4 b6 24. Nd3 Qa7 25. Qb3 f6 26. Rc3 Nd8 27. Rfc1 Nf7 28.
Nb2 Nd6 29. Be2 Rxc3 30. Rxc3 Rc8 31. a4 Bg6 32. Rxc8+ Nexc8 33. Qc3 Qb7 34. a5
bxa5 35. bxa5 Na7 36. a6 Qc6 37. Bd2 Be8 38. Kf2 Qxc3 39. Bxc3 Ndb5 40. Na4
Nxc3 41. Nxc3 Kf8 42. Ke3 Ke7 43. g3 Kd6 44. f4 e5 45. fxe5+ fxe5 46. Bf1 Bd7
47. h4 Bc8 48. hxg5 hxg5 49. dxe5+ Kxe5 50. Kd2 Bd7 51. Bd3 Bc6 52. Bf1 Kd4 53.
Ne2+ Kc5 54. Ng1 g4 55. Be2 Bd7 56. Bd3 Kb6 57. Ne2 Nc6 58. Nf4 Nb4 59. Kc3
Nxd3 60. Kxd3 Kc5 61. Ne6+ Kd6 62. Nd4 Kc7 63. Kc3 Kb6 64. Kb4 Bc8 65. a7 Bb7
66. Nf5 Kxa7 67. Kc5 Kb8 68. Ne3 d4 69. Kxd4 Bc8 70. Ke4 Kc7 71. Kf4 Kd6 72.
Nxg4 Ke7 73. Kg5 Ba6 74. Ne5 Kf8 75. Kf4 Bc8 76. Ng6+ Kg7 77. Kg5 Ba6 78. Nh4
Be2 79. Kf4 Bh5 80. Kg5 Be2 1/2-1/2

[Event "Frauen Europameisterschaft"]
[Site "Dresden"]
[Date "2004.03.26"]
[Round "6.44"]
[White "Lopatin, O."]
[Black "Bayrak, A."]
[Result "1-0"]
[WhiteElo "2116"]
[BlackElo "1898"]
[PlyCount "81"]
[EventDate "2004.03.20"]

1. e4 e6 2. d3 d5 3. Qe2 Ne7 4. f4 c5 5. Nf3 Nbc6 6. c3 b6 7. Na3 g6 8. e5 a6
9. g3 b5 10. Nc2 Bb7 11. Bg2 Nf5 12. O-O c4 13. d4 a5 14. Bd2 Qb6 15. g4 Ng7
16. Ne3 O-O-O 17. Ng5 Qc7 18. b3 h6 19. Nf3 h5 20. h3 hxg4 21. hxg4 a4 22. Qd1
Qa5 23. bxa4 Qxa4 24. Nc2 Be7 25. Rb1 Kc7 26. Ng5 Rhf8 27. Qc1 Rb8 28. Ne3 Bc8
29. Nh7 Rh8 30. Nf6 Qa3 31. Qe1 Bxf6 32. exf6 Ne8 33. f5 gxf5 34. Qg3+ Kd8 35.
gxf5 Qxa2 36. Qf2 Rg8 37. Ra1 Qb3 38. fxe6 Bxe6 39. Rfb1 Nd6 40. Rxb3 cxb3 41.
Kf1 1-0

[Event "Frauen Europameisterschaft"]
[Site "Dresden"]
[Date "2004.03.26"]
[Round "6.45"]
[White "Mammadova, N."]
[Black "Oney, F."]
[Result "1-0"]
[WhiteElo "2104"]
[BlackElo "1809"]
[PlyCount "79"]
[EventDate "2004.03.20"]

1. Nf3 d5 2. c4 c6 3. e3 Bf5 4. Nc3 e6 5. b3 Nf6 6. Bb2 h6 7. Be2 Bd6 8. O-O
Nbd7 9. cxd5 exd5 10. d3 Qb8 11. e4 dxe4 12. dxe4 Bg4 13. e5 Bxe5 14. Nxe5 Nxe5
15. f4 O-O 16. fxe5 Qxe5 17. Bxg4 Rad8 18. Qe2 Qd4+ 19. Kh1 Qxg4 20. Rae1 Qxe2
21. Rxe2 Rfe8 22. Rxe8+ Rxe8 23. h3 b5 24. Kg1 b4 25. Na4 Nd5 26. Bd4 Re2 27.
Rf2 Re7 28. Kf1 f6 29. Re2 Rd7 30. Nc5 Rd8 31. Ne6 Rd7 32. Rc2 Rd6 33. Nc5 Nc7
34. Bf2 Nb5 35. Na6 c5 36. Rxc5 Rxa6 37. Rxb5 Rxa2 38. Rxb4 a5 39. Ra4 Rb2 40.
Ra3 1-0

[Event "Frauen Europameisterschaft"]
[Site "Dresden"]
[Date "2004.03.26"]
[Round "6.46"]
[White "Skibbe, D."]
[Black "Winnicki, A."]
[Result "0-1"]
[WhiteElo "2094"]
[BlackElo "2013"]
[PlyCount "174"]
[EventDate "2004.03.20"]

1. e4 e6 2. d4 d5 3. Nc3 Nf6 4. e5 Nfd7 5. f4 c5 6. Nf3 Nc6 7. Be3 a6 8. dxc5
Bxc5 9. Qd2 b5 10. a3 Qb6 11. Bxc5 Nxc5 12. Bd3 O-O 13. h4 f6 14. h5 fxe5 15.
fxe5 Rxf3 16. gxf3 Nxe5 17. Qe2 Nexd3+ 18. cxd3 Nb3 19. Rd1 Nd4 20. Qf2 Bb7 21.
Kf1 Rf8 22. Rh3 e5 23. Ne2 Qe6 24. Kg2 Nxe2 25. Qxe2 e4 26. dxe4 dxe4 27. fxe4
Bxe4+ 28. Kh2 Qe5+ 29. Kg1 Qc5+ 30. Qe3 Qc2 31. Qd2 Qc8 32. Rg3 Qc5+ 33. Qd4
Qe7 34. Rf1 Rd8 35. Qc3 Qa7+ 36. Kh2 Qe7 37. Rxg7+ Qxg7 38. Rg1 Bg6 39. Qxg7+
Kxg7 40. hxg6 Rd2+ 41. Kg3 hxg6 42. Rb1 Kf6 43. Rc1 Ke5 44. Rc6 Rd6 45. Rc2 Rd4
46. Rc6 Rd6 47. Rc2 Kd5 48. Kf4 Rc6 49. Rg2 Kc5 50. Ke5 Kb6 51. Kd5 Kc7 52. Rg3
Rd6+ 53. Kc5 Kd7 54. Rg2 Ke7 55. Rg3 Re6 56. Kd5 Kf7 57. Rg2 Rf6 58. Ke5 Rf5+
59. Ke4 Kf6 60. Rc2 Re5+ 61. Kf4 g5+ 62. Kg4 Re4+ 63. Kg3 Kf5 64. Rc6 a5 65.
Rc8 Re5 66. Rf8+ Ke4 67. Kg4 Kd4 68. Rc8 Rc5 69. Rf8 Kc4 70. Rf3 Rd5 71. Rc3+
Kd4 72. Rc8 Rc5 73. Rh8 Kd3 74. b4 axb4 75. axb4 Rc4+ 76. Kxg5 Kc3 77. Kf5 Kxb4
78. Ke5 Kb3 79. Kd5 b4 80. Rh7 Rc3 81. Kd4 Kb2 82. Rh8 b3 83. Rh7 Rc2 84. Kd3
Kb1 85. Rh8 b2 86. Rh5 Rc8 87. Kd2 Ra8 0-1

[Event "Frauen Europameisterschaft"]
[Site "Dresden"]
[Date "2004.03.26"]
[Round "6.47"]
[White "Horn, E."]
[Black "Cinar, N."]
[Result "1-0"]
[WhiteElo "2051"]
[BlackElo "2092"]
[PlyCount "61"]
[EventDate "2004.03.20"]

1. e4 e5 2. Nf3 Nc6 3. Nc3 Nf6 4. d4 exd4 5. Nxd4 Bc5 6. Be3 Bb6 7. Bc4 d6 8.
f3 O-O 9. Qd2 Re8 10. O-O Ne5 11. Bb3 c6 12. Kh1 Qe7 13. Rad1 Bd7 14. Rfe1 Rad8
15. Nde2 Be6 16. Bxb6 axb6 17. Nd4 Bxb3 18. axb3 g6 19. f4 Ned7 20. b4 b5 21.
Re3 Nb6 22. b3 Nbd5 23. Nxd5 Nxd5 24. Nf5 gxf5 25. Rg3+ Kh8 26. exd5 f6 27. h3
Rd7 28. Qc3 Rc7 29. dxc6 bxc6 30. Kh2 d5 31. Re1 1-0

[Event "Frauen Europameisterschaft"]
[Site "Dresden"]
[Date "2004.03.26"]
[Round "6.49"]
[White "Ozturk, K."]
[Black "Roessler, U."]
[Result "1-0"]
[WhiteElo "1957"]
[BlackElo "2221"]
[PlyCount "69"]
[EventDate "2004.03.20"]

1. d4 g6 2. c4 Bg7 3. Nc3 Nf6 4. Bg5 O-O 5. Nf3 d6 6. e3 Nbd7 7. Be2 c6 8. O-O
e5 9. Qc2 Re8 10. Rfd1 Qa5 11. Bh4 Nf8 12. Bxf6 Bxf6 13. Ne4 Be7 14. Rab1 f5
15. b4 Qc7 16. Nc3 Bf6 17. b5 Ne6 18. Qb3 Kh8 19. a4 exd4 20. exd4 Qg7 21. Bf1
Nxd4 22. Nxd4 Bxd4 23. Ne2 Bc5 24. Nf4 Re4 25. Nd3 Bd4 26. g3 Bd7 27. Bg2 Re7
28. Re1 Rae8 29. Rxe7 Rxe7 30. bxc6 bxc6 31. Qb8+ Be8 32. Bxc6 Qf8 33. Re1 Re4
34. Bxe4 fxe4 35. Rxe4 1-0

[Event "Frauen Europameisterschaft"]
[Site "Dresden"]
[Date "2004.03.26"]
[Round "6.50"]
[White "Chilingirova, P."]
[Black "Hafenstein, A."]
[Result "1-0"]
[WhiteElo "2201"]
[BlackElo "2051"]
[PlyCount "33"]
[EventDate "2004.03.20"]

1. Nf3 Nf6 2. d4 g6 3. c4 c5 4. d5 e6 5. Nc3 exd5 6. cxd5 d6 7. e4 Bg4 8. Bb5+
Nfd7 9. h3 Bxf3 10. Qxf3 Bg7 11. Bf4 a6 12. Bxd7+ Qxd7 13. Qg3 Bf8 14. e5 b5
15. O-O a5 16. Ne4 Na6 17. Nf6+ 1-0

[Event "Frauen Europameisterschaft"]
[Site "Dresden"]
[Date "2004.03.26"]
[Round "6.51"]
[White "Roelli, C."]
[Black "Melnikova, Y."]
[Result "0-1"]
[WhiteElo "2020"]
[BlackElo "2171"]
[PlyCount "106"]
[EventDate "2004.03.20"]

1. d4 d5 2. c4 e6 3. Nc3 c6 4. Nf3 dxc4 5. a4 Bb4 6. e3 b5 7. Bd2 a5 8. Ne5 Nf6
9. Qf3 Bxc3 10. bxc3 Qd5 11. Qg3 O-O 12. f3 Nbd7 13. e4 Qd6 14. Be2 Nb6 15.
axb5 cxb5 16. Rb1 Ba6 17. Bh6 Ne8 18. Bf4 Qa3 19. O-O Qxc3 20. Qf2 Nf6 21. Nc6
Rfe8 22. Rfc1 Qa3 23. Ra1 Qf8 24. d5 Nfd7 25. Bc7 Na4 26. d6 e5 27. Ne7+ Rxe7
28. dxe7 Qxe7 29. Bxa5 Ndc5 30. Bb4 Qc7 31. Rd1 Nb3 32. Ra2 Nd4 33. Bf1 Nc5 34.
Qe3 Ncb3 35. f4 f6 36. fxe5 fxe5 37. g3 Qb6 38. Kh1 Qg6 39. Bg2 h6 40. Rf1 Nc6
41. Qb6 Kh7 42. Bf8 Ncd4 43. Qc7 Ne6 44. Qc6 Bb7 45. Qxb7 Rxa2 46. Bh3 Nbc5 47.
Bxe6 Nxb7 48. Bf5 Nd8 49. Rd1 Nf7 50. h4 c3 51. Rc1 c2 52. Kg2 Rb2 53. Kf2 b4
0-1

[Event "Frauen Europameisterschaft"]
[Site "Dresden"]
[Date "2004.03.26"]
[Round "6.52"]
[White "Acar, G."]
[Black "Fuchs, A."]
[Result "1/2-1/2"]
[WhiteElo "1888"]
[BlackElo "2099"]
[PlyCount "66"]
[EventDate "2004.03.20"]

1. e4 c5 2. c3 d5 3. exd5 Qxd5 4. d4 Nf6 5. Nf3 Bg4 6. Be2 e6 7. h3 Bh5 8. O-O
Nc6 9. Be3 cxd4 10. cxd4 Bb4 11. a3 Ba5 12. b4 Bb6 13. Nc3 Qd6 14. Nb5 Qb8 15.
g4 Bg6 16. Nd2 O-O 17. Nc4 Nd5 18. Qd2 Bd8 19. Bf3 Nxe3 20. Qxe3 a6 21. Bxc6
bxc6 22. Nc3 Qa7 23. Ne4 Bxe4 24. Qxe4 Bf6 25. Ne5 Rac8 26. Rac1 a5 27. Nxc6
Qb7 28. f3 axb4 29. axb4 h6 30. Rc5 Ra8 31. Ra5 Rac8 32. Rc5 Ra8 33. Ra5 Rac8
1/2-1/2

[Event "Frauen Europameisterschaft"]
[Site "Dresden"]
[Date "2004.03.26"]
[Round "6.53"]
[White "Cavusoglu, Y."]
[Black "Hielscher, U."]
[Result "1/2-1/2"]
[WhiteElo "2013"]
[BlackElo "1974"]
[PlyCount "68"]
[EventDate "2004.03.20"]

1. d4 d5 2. c4 c6 3. cxd5 cxd5 4. Nc3 Nf6 5. Nf3 Nc6 6. Bf4 e6 7. e3 a6 8. Bd3
Bb4 9. O-O Nh5 10. Bg5 Nf6 11. Rc1 Bd7 12. a3 Be7 13. b4 h6 14. Bh4 O-O 15. Bb1
Nh5 16. Bxe7 Qxe7 17. Nd2 Nf6 18. f4 Na7 19. Nf3 Nb5 20. Qb3 Nxc3 21. Rxc3 Bb5
22. Rfc1 Bc4 23. Qb2 b5 24. Ne5 Rfc8 25. g4 g6 26. Qg2 Ne8 27. Qg3 Nd6 28. h4
Rc7 29. Kf2 Rac8 30. f5 Ba2 31. Rxc7 Rxc7 32. Nc6 Qd7 33. Ne5 Qe7 34. Nc6 Qd7
1/2-1/2